Statistics for Australian Baby Names

Click here to take the quiz!

General Stats

  • This quiz has been taken 72 times
  • The average score is 11 of 60

Answer Stats

Answer% Correct
emma
51%
olivia
51%
ava
44%
isabell
44%
sophie
44%
mia
43%
chloe
38%
ella
38%
lilly
38%
anna
37%
elizabeth
37%
sarah
37%
amy
35%
hannah
35%
charlotte
33%
eva
32%
jess
30%
grace
29%
isabella
27%
isla
27%
lucy
27%
ellie
25%
jessica
21%
kate
21%
katie
19%
kayla
19%
ruby
19%
abigail
17%
matilda
16%
annie
14%
molly
14%
samantha
14%
zara
14%
layla
13%
sienna
13%
violet
13%
ally
11%
bella
11%
erin
11%
evie
11%
jade
11%
amber
10%
beth
6%
lisa
6%
abby
5%
mackenzie
5%
scarlett
5%
brittany
3%
gorgia
3%
lexi
3%
phoebe
3%
ayla
2%
bethany
2%
jayla
2%
tiffany
2%
vanessa
2%
alica
0%
aydah
0%
gabi
0%
zarli
0%

Score Distribution

Percentile by Number Answered

Percent of People with Each Score

Your Score History

You have not taken this quiz